000 00344 a2200109 4500
001 ART_17553
005 20260410161923.0
008 260409a
245 1 0 _aThe performance of government in energy regulations
100 1 _aMead, Walter J.
773 0 _tThe American Economic Review
_g- Vol. 69, NÂș 2 (mayo 1979)
_wREV16190
999 _c27917
_d27917